Online
Catalog

INFOTEP : una historia de progreso / (Record no. 51421)

MARC details
000 -CABECERA
campo de control de longitud fija 01412nam a2200325 a 4500
003 - IDENTIFICADOR DEL NÚMERO DE CONTROL
campo de control DO-SdBNP
005 - FECHA Y HORA DE LA ÚLTIMA TRANSACCIÓN
campo de control 20220614104818.0
007 - CAMPO FIJO DE DESCRIPCIÓN FÍSICA--INFORMACIÓN GENERAL
campo de control de longitud fija ta
008 - DATOS DE LONGITUD FIJA--INFORMACIÓN GENERAL
campo de control de longitud fija 220211e2011 dr aoc|gr|||| 001 0 spa d
020 ## - NÚMERO INTERNACIONAL ESTÁNDAR DEL LIBRO
Número Internacional Estándar del Libro 9789945877908
040 ## - FUENTE DE LA CATALOGACIÓN
Centro catalogador/agencia de origen DO-SdBNP
Lengua de catalogación spa
Centro/agencia transcriptor BNPHU
082 #4 - NÚMERO DE LA CLASIFICACIÓN DECIMAL DEWEY
Número de clasificación 374.8
Número de documento/Ítem R669u, 2011
Número de edición 22
100 1# - ENTRADA PRINCIPAL--NOMBRE DE PERSONA
9 (RLIN) 76554
Nombre de persona Roca F., Frank
245 10 - MENCIÓN DE TÍTULO
Título INFOTEP : una historia de progreso /
Resto del título Frank Roca F., Elis Y. Zabala Burgos, Víctor Hugo Morales ; Coordinador José Luis Rojas ; Fotografías Samuel Villavicencio y Juan Carlos Villavicencio.
250 ## - MENCIÓN DE EDICIÓN
Mención de edición 4a ed.
260 ## - PUBLICACIÓN, DISTRIBUCIÓN, ETC.
Lugar de publicación, distribución, etc. Santo Domingo :
Nombre del editor, distribuidor, etc. INFOTEP,
Fecha de publicación, distribución, etc. 2011.
300 ## - DESCRIPCIÓN FÍSICA
Extensión [76] p. :
Otras características físicas il., fotogr., retr. ;
Dimensiones 23 cm.
500 ## - NOTA GENERAL
Nota general Incluye cronología.
505 0# - NOTA DE CONTENIDO CON FORMATO
Nota de contenido con formato Presentación.
Título Antecedentes.--
-- Surgimeinto.--
-- Sus inicios.--
-- Símbolos Institucionales.--
-- Extensión Regional e Infraestructura física.--
-- Avances y Logros.-
-- Galería de Directores.--
-- Cronología.--
-- Referencias Documetales.
590 ## - NOTA LOCAL (RLIN)
Nota local Inventariado 2022 / MF
650 #4 - PUNTO DE ACCESO ADICIONAL DE MATERIA--TÉRMINO DE MATERIA
Término de materia o nombre geográfico como elemento de entrada Educación tecnológica
Subdivisión geográfica República Dominicana
650 #4 - PUNTO DE ACCESO ADICIONAL DE MATERIA--TÉRMINO DE MATERIA
Término de materia o nombre geográfico como elemento de entrada Centros de capacitación
Subdivisión general Historia
9 (RLIN) 36095
700 1# - PUNTO DE ACCESO ADICIONAL--NOMBRE DE PERSONA
Nombre de persona Zabala Burgos, Elis Y.
9 (RLIN) 81336
700 1# - PUNTO DE ACCESO ADICIONAL--NOMBRE DE PERSONA
Nombre de persona Morales, Víctor Hugo
9 (RLIN) 81337
700 1# - PUNTO DE ACCESO ADICIONAL--NOMBRE DE PERSONA
9 (RLIN) 43221
Nombre de persona Rojas, José Luis,
Término indicativo de función/relación coord.
700 1# - PUNTO DE ACCESO ADICIONAL--NOMBRE DE PERSONA
Nombre de persona Villavicencio, Samuel,
Término indicativo de función/relación fotogr.
9 (RLIN) 81338
700 1# - PUNTO DE ACCESO ADICIONAL--NOMBRE DE PERSONA
Nombre de persona Villavicencio, Juan Carlos ,
Término indicativo de función/relación fotogr.
9 (RLIN) 81339
910 ## - DATOS DE OPCIÓN DEL USUARIO (OCLC)
Datos de opción del usuario MFeliz
942 ## - ELEMENTOS DE PUNTO DE ACCESO ADICIONAL (KOHA)
Fuente del sistema de clasificación o colocación Dewey Decimal Classification
Tipo de ítem Koha Libro
Holdings
Estado de retiro Estado de pérdida Fuente del sistema de clasificación o colocación Restricciones de uso No para préstamo Código de colección Localización permanente Ubicación/localización actual Ubicación en estantería Fecha de adquisición Fuente de adquisición Signatura topográfica completa Código de barras Fecha visto por última vez Precio válido a partir de Tipo de ítem Koha Número de copia
    Dewey Decimal Classification Excluido de préstamo   Patrimonio Dominicano Biblioteca Nacional Pedro Henríquez Ureña Biblioteca Nacional Pedro Henríquez Ureña Depósito 29.10.2021 Depósito legal / Víctor Hugo BNPHU PD 374.8 R669u 2011 2022-0767 11.02.2022 11.02.2022 Libro  
    Dewey Decimal Classification Excluido de préstamo   Patrimonio Dominicano Biblioteca Nacional Pedro Henríquez Ureña Biblioteca Nacional Pedro Henríquez Ureña Depósito 29.10.2021 Depósito legal / Víctor Hugo BNPHU PD 374.8 R669u 2011 2022-0768 11.02.2022 11.02.2022 Libro e.2
    Dewey Decimal Classification Préstamo en sala   Dominicana de Servicio Biblioteca Nacional Pedro Henríquez Ureña Biblioteca Nacional Pedro Henríquez Ureña Depósito 29.10.2021 Depósito legal / Víctor Hugo BNPHU DS 374.8 R669u 2011 2022-0769 11.02.2022 11.02.2022 Libro e.3
    Dewey Decimal Classification Préstamo en sala   Dominicana de Servicio Biblioteca Nacional Pedro Henríquez Ureña Biblioteca Nacional Pedro Henríquez Ureña Depósito 31.05.2022 Donación BNPHU DS 374.8 R669u 2011 2022-2486 31.05.2022 31.05.2022 Libro e.4
    Dewey Decimal Classification Préstamo en sala   Dominicana de Servicio Biblioteca Nacional Pedro Henríquez Ureña Biblioteca Nacional Pedro Henríquez Ureña Depósito 31.05.2022 Donación BNPHU DS 374.8 R669u 2011 2022-2487 31.05.2022 31.05.2022 Libro e.5

Powered by Koha